[Event "ISR-chT"]
[Site "Israel"]
[Date "2021.05.08"]
[Round "6.2"]
[White "Zilberman, Yaacov"]
[Black "Dvoirys, Semen I"]
[Result "1/2-1/2"]
[WhiteElo "2342"]
[BlackElo "2452"]
[PlyCount "65"]
[EventDate "2021.04.22"]
[EventType "team-tourn"]
[EventRounds "11"]
[EventCountry "ISR"]
[SourceTitle "EXT 2022"]
[Source "ChessBase"]
[SourceDate "2021.10.06"]
[SourceVersion "1"]
[SourceVersionDate "2021.10.06"]
[SourceQuality "1"]
[WhiteTeam "Kfar Saba Hapoel II"]
[BlackTeam "Beer Sheva Eliahu Levant"]
[WhiteTeamCountry "ISR"]
[BlackTeamCountry "ISR"]

1. Nf3 c5 2. c4 Nf6 3. Nc3 e6 4. e3 Nc6 5. d4 d5 6. a3 a6 7. dxc5 Bxc5 8. b4 Ba7 9. Bb2 0-0 10. Qc2 dxc4 11. Bxc4 Bd7 12. 0-0 Rc8 13. Bd3 Qe7 14. Rfd1 Bb8 15. Rac1 Ne5 16. Nxe5 Bxe5 17. Qe2 Bc6 18. b5 axb5 19. Nxb5 Bb8 20. Nd4 Ba4 21. Bc2 Bxc2 22. Rxc2 Rfd8 23. g3 Ne4 24. Nf3 Rxd1+ 25. Qxd1 Rd8 26. Qe2 h6 27. Qc4 Ng5 28. Nxg5 Qxg5 29. Qe4 Qb5 30. Kg2 h5 31. a4 Qb3 32. Qc4 Qxc4 33. Rxc4 1/2-1/2

[Event "ISR-chT"]
[Site "Israel"]
[Date "2019.02.23"]
[Round "8.2"]
[White "Zilberman, Yaacov"]
[Black "Tifferet, Shaked"]
[Result "1-0"]
[WhiteElo "2334"]
[BlackElo "2243"]
[PlyCount "65"]
[EventDate "2019.01.04"]
[EventType "team-tourn"]
[EventRounds "11"]
[EventCountry "ISR"]
[SourceTitle "CBM 189 Extra"]
[Source "ChessBase"]
[SourceDate "2019.06.03"]
[SourceVersion "1"]
[SourceVersionDate "2019.06.03"]
[SourceQuality "1"]
[WhiteTeam "Kfar Saba Hapoel II"]
[BlackTeam "Netanya Shlakman"]
[WhiteTeamCountry "ISR"]
[BlackTeamCountry "ISR"]

1. d4 Nf6 2. Nf3 g6 3. c4 Bg7 4. Nc3 d5 5. Qb3 dxc4 6. Qxc4 0-0 7. e4 Nfd7 8. Be3 Nb6 9. Qb3 Bg4 10. Rd1 Nc6 11. d5 Ne5 12. Be2 Nxf3+ 13. gxf3 Bh3 14. Rg1 Qd7 15. Rg3 Bf6 16. f4 Bh4 17. Rg1 e6 18. a4 exd5 19. a5 Nc8 20. Nxd5 Nd6 21. e5 Ne8 22. Bc5 Be6 23. Qxb7 Rd8 24. Nc3 Qc8 25. Qxc8 Rxc8 26. Nb5 Kg7 27. Bxf8+ Kxf8 28. Nxa7 Rb8 29. Nc6 Rxb2 30. a6 Bc4 31. Bxc4 Rxf2 32. Rg4 Rxf4+ 33. Rxh4 1-0

[Event "ISR-chT"]
[Site "Israel"]
[Date "2019.02.15"]
[Round "5.1"]
[White "Kuzubov, Yuriy"]
[Black "Zilberman, Yaacov"]
[Result "1/2-1/2"]
[WhiteElo "2651"]
[BlackElo "2334"]
[PlyCount "65"]
[EventDate "2019.01.04"]
[EventType "team-tourn"]
[EventRounds "11"]
[EventCountry "ISR"]
[SourceTitle "CBM 188 Extra"]
[Source "ChessBase"]
[SourceDate "2019.02.26"]
[SourceVersion "1"]
[SourceVersionDate "2019.02.26"]
[SourceQuality "1"]
[WhiteTeam "Tsafrir Rehovot"]
[BlackTeam "Kfar Saba Hapoel II"]
[WhiteTeamCountry "ISR"]
[BlackTeamCountry "ISR"]

1. d4 Nf6 2. c4 e6 3. Nf3 d5 4. g3 Bb4+ 5. Bd2 Be7 6. Bg2 0-0 7. 0-0 Nbd7 8. Qc2 c6 9. a4 a5 10. Nc3 dxc4 11. e4 b6 12. Bf4 Ra7 13. Rfd1 h6 14. d5 exd5 15. exd5 Nxd5 16. Nxd5 cxd5 17. Nd4 Bb7 18. Nb5 Ra8 19. Nc7 Ra7 20. Nxd5 Bc5 21. Bh3 Ba8 22. Qxc4 Nf6 23. Nc7 Rxc7 24. Rxd8 Bxf2+ 25. Kxf2 Rxc4 26. Rxf8+ Kxf8 27. Rc1 Rxc1 28. Bxc1 Bc6 29. Be3 Nd5 30. Bd4 Bxa4 31. Bg2 Bb3 32. Bxd5 Bxd5 33. Bxb6 1/2-1/2

[Event "Jerusalem Japhet Memorial op 4th"]
[Site "Jerusalem"]
[Date "2018.07.03"]
[Round "4"]
[White "Baron, Tal"]
[Black "Zilberman, Yaacov"]
[Result "1-0"]
[WhiteElo "2530"]
[BlackElo "2374"]
[PlyCount "99"]
[EventDate "2018.07.01"]
[EventType "swiss"]
[EventRounds "7"]
[EventCountry "ISR"]
[SourceTitle "CBM 185 Extra"]
[Source "ChessBase"]
[SourceDate "2018.07.29"]
[SourceVersion "1"]
[SourceVersionDate "2018.07.29"]
[SourceQuality "1"]

1. d4 d5 2. c4 dxc4 3. e4 e5 4. Nf3 Nf6 5. Bxc4 Nxe4 6. Nxe5 Nd6 7. Bb3 Be7 8. 0-0 0-0 9. Nc3 Nd7 10. Nd5 Nf6 11. Nxe7+ Qxe7 12. Re1 Qd8 13. Bg5 h6 14. Bh4 Nf5 15. Bxf6 Qxf6 16. Rc1 c6 17. Qh5 Nd6 18. Rc3 Be6 19. Rf3 Qd8 20. Bxe6 fxe6 21. Qg6 Rf6 22. Qd3 Qa5 23. Rfe3 Re8 24. Ng4 Rf5 25. a3 Kh8 26. Qd1 Qd5 27. g3 Nc4 28. Rc3 Rff8 29. Qc1 Nd6 30. Ne5 Kg8 31. Ng6 Rf6 32. Nf4 Qa5 33. Rce3 Kf7 34. Re5 Qb6 35. Nh5 Rf5 36. g4 Rxe5 37. dxe5 Nb5 38. Qc2 Nd4 39. Qh7 Nf3+ 40. Kh1 Rg8 41. Re3 Ng5 42. Qc2 Qd4 43. Rd3 Qxg4 44. Rd7+ Ke8 45. Rxb7 Qf3+ 46. Kg1 Qg4+ 47. Ng3 Nf3+ 48. Kh1 Nxe5 49. Rxa7 Rf8 50. Ra8+ 1-0

[Event "ISR-chT"]
[Site "Israel"]
[Date "2018.02.16"]
[Round "7.2"]
[White "Zoler, Dan"]
[Black "Zilberman, Yaacov"]
[Result "1/2-1/2"]
[WhiteElo "2506"]
[BlackElo "2367"]
[PlyCount "115"]
[EventDate "2018.01.05"]
[EventType "team-tourn"]
[EventRounds "11"]
[EventCountry "ISR"]
[SourceTitle "CBM 182 Extra"]
[Source "ChessBase"]
[SourceDate "2018.02.23"]
[SourceVersion "1"]
[SourceVersionDate "2018.02.23"]
[SourceQuality "1"]
[WhiteTeam "Herzliya"]
[BlackTeam "Kfar Saba Hapoel II"]
[WhiteTeamCountry "ISR"]
[BlackTeamCountry "ISR"]

1. d4 d5 2. c4 dxc4 3. Nf3 Nf6 4. e3 Be6 5. Nc3 c6 6. Ng5 Qc8 7. a4 g6 8. a5 Bg7 9. Nxe6 Qxe6 10. Ra4 0-0 11. Bxc4 Qd6 12. b3 Qc7 13. Ba3 Rd8 14. Qf3 e5 15. 0-0 exd4 16. exd4 Nbd7 17. Rc1 Rac8 18. Bf1 Nf8 19. a6 b6 20. Nb5 Qd7 21. Nd6 Rc7 22. Nb7 Re8 23. Bd6 Rcc8 24. Be5 Re6 25. Rac4 Nd5 26. Qg3 h5 27. h4 Rce8 28. Bxg7 Kxg7 29. Qg5 Nh7 30. Qd2 Nhf6 31. Qc2 Ne7 32. g3 Nf5 33. Qc3 Ne4 34. Qb2 Kg8 35. Bh3 Qd5 36. Bg2 R8e7 37. Re1 Kh7 38. Qa1 Qb5 39. Qa3 Qd5 40. Qa1 Re8 41. Rd1 Qb5 42. Qa4 Qd5 43. Rcc1 R8e7 44. Qc4 Rd7 45. Qxd5 Rxd5 46. Bxe4 Rxe4 47. Rxc6 Rexd4 48. Rxd4 Nxd4 49. Rc8 Kg7 50. Ra8 Nc6 51. Rc8 Nd4 52. b4 Kf6 53. Nd8 Ke7 54. Nc6+ Nxc6 55. Rxc6 Kd7 56. Rf6 Rf5 57. Rxf5 gxf5 58. f3 1/2-1/2

[Event "ISR-chT"]
[Site "Israel"]
[Date "2018.01.19"]
[Round "3.3"]
[White "Zilberman, Yaacov"]
[Black "Oratovsky, Michael"]
[Result "1/2-1/2"]
[WhiteElo "2367"]
[BlackElo "2445"]
[PlyCount "66"]
[EventDate "2018.01.05"]
[EventType "team-tourn"]
[EventRounds "11"]
[EventCountry "ISR"]
[SourceTitle "CBM 182 Extra"]
[Source "ChessBase"]
[SourceDate "2018.02.23"]
[SourceVersion "1"]
[SourceVersionDate "2018.02.23"]
[SourceQuality "1"]
[WhiteTeam "Kfar Saba Hapoel II"]
[BlackTeam "Petah Tikva Elitzur Dov"]
[WhiteTeamCountry "ISR"]
[BlackTeamCountry "ISR"]

1. d4 d6 2. Nf3 g6 3. c4 Bg7 4. e4 Nd7 5. Nc3 e5 6. Be2 Ngf6 7. 0-0 0-0 8. Qc2 c6 9. Rd1 Qe7 10. Bg5 h6 11. Bh4 g5 12. dxe5 dxe5 13. Bg3 Nh5 14. Nd2 Nf4 15. Nf1 f5 16. exf5 Nc5 17. Ne3 e4 18. Rd2 Bxf5 19. Rad1 Bg6 20. h3 Ncd3 21. a3 a5 22. Bf1 Rae8 23. Qb1 Rf7 24. Qc2 Ref8 25. Qa4 Qc5 26. Qc2 Bd4 27. Ng4 Bg7 28. Bxf4 Nxf4 29. Nxe4 Qe7 30. f3 c5 31. Re1 Kh8 32. Qd1 Qc7 33. b3 Re7 1/2-1/2

[Event "Maccabiah GM-B"]
[Site "Jerusalem"]
[Date "2017.07.11"]
[Round "6"]
[White "Mindlin, Alon"]
[Black "Zilberman, Yaacov"]
[Result "1-0"]
[WhiteElo "2450"]
[BlackElo "2388"]
[PlyCount "87"]
[EventDate "2017.07.05"]
[EventType "tourn"]
[EventRounds "9"]
[EventCountry "ISR"]
[EventCategory "9"]
[SourceTitle "CBM 179 Extra"]
[Source "ChessBase"]
[SourceDate "2017.08.23"]
[SourceVersion "1"]
[SourceVersionDate "2017.08.23"]
[SourceQuality "1"]

1. d4 d5 2. Nf3 Nf6 3. c4 dxc4 4. e3 Bg4 5. Bxc4 e6 6. Nc3 a6 7. 0-0 Nc6 8. h3 Bh5 9. Be2 Bd6 10. b3 0-0 11. Bb2 Qe7 12. Rc1 Rfd8 13. Nd2 Bxe2 14. Qxe2 Bb4 15. Nc4 Rac8 16. Qf3 Nd5 17. Rfd1 Qf6 18. Qxf6 Nxf6 19. Ne2 Bd6 20. a3 Kf8 21. f3 Rd7 22. e4 Be7 23. Kf2 Ke8 24. Ne3 Rcd8 25. g4 h6 26. b4 Kf8 27. Rc2 Ke8 28. Rdc1 Rb8 29. Kg3 Rc8 30. h4 g6 31. Rh1 Rcd8 32. Kf2 Kf8 33. g5 hxg5 34. hxg5 Nh5 35. f4 Nxd4 36. Nxd4 Rxd4 37. Bxd4 Rxd4 38. Kf3 Bd6 39. Rc4 Rd3 40. e5 Be7 41. Rxc7 b5 42. Rc8+ Kg7 43. Re8 Bf8 44. Rd1 1-0

[Event "Jerusalem Japhet Memorial op 3rd"]
[Site "Jerusalem"]
[Date "2016.07.11"]
[Round "2"]
[White "Zilberman, Yaacov"]
[Black "Antipov, Mikhail Al"]
[Result "1/2-1/2"]
[WhiteElo "2404"]
[BlackElo "2584"]
[PlyCount "126"]
[EventDate "2016.07.10"]
[EventType "swiss"]
[EventRounds "7"]
[EventCountry "ISR"]
[SourceTitle "CBM 173 Extra"]
[Source "ChessBase"]
[SourceDate "2016.08.29"]
[SourceVersion "1"]
[SourceVersionDate "2016.08.29"]
[SourceQuality "1"]

1. d4 Nf6 2. Nf3 e6 3. c4 Bb4+ 4. Bd2 Qe7 5. g3 Bxd2+ 6. Qxd2 Nc6 7. Nc3 d5 8. cxd5 exd5 9. Bg2 0-0 10. 0-0 Nd8 11. Rfe1 c6 12. Ne5 Bf5 13. f3 Bg6 14. e4 Ne6 15. exd5 Nxd5 16. f4 Qb4 17. Rad1 Ne7 18. d5 Rad8 19. Qf2 cxd5 20. Bxd5 Bf5 21. a3 Qa5 22. Bxb7 h5 23. Bf3 h4 24. Bg2 hxg3 25. hxg3 Bh7 26. Bh3 Bf5 27. Bxf5 Rxd1 28. Rxd1 Nxf5 29. Rd5 Qc7 30. Rd7 Qc8 31. Rd2 a6 32. Kh2 Rd8 33. Rxd8+ Qxd8 34. Qe2 Qb6 35. b4 Qd4 36. Nd1 Qd5 37. Nf2 Ned4 38. Qd3 Qa2 39. Kg2 Nc2 40. Qxa6 Qd5+ 41. Kg1 Ncd4 42. Kh2 Ne3 43. Qc8+ Kh7 44. Qh3+ Kg8 45. g4 Ndc2 46. Ned3 Nc4 47. Qg2 Qd8 48. g5 N2xa3 49. Qc6 Nd6 50. Qd5 Nac4 51. Ne5 Qb6 52. Nfg4 Nxe5 53. fxe5 Nf5 54. Qe4 Ne7 55. Ne3 Ng6 56. Kg2 Qd8 57. Nc4 Qxg5+ 58. Kf2 Qe7 59. Kg3 Qxb4 60. e6 Qc3+ 61. Kg2 f5 62. e7 Nxe7 63. Qxe7 Qxc4 1/2-1/2

[Event "Kiryat Ono Summer op"]
[Site "Kiryat Ono"]
[Date "2016.07.04"]
[Round "2"]
[White "Zilberman, Yaacov"]
[Black "Gamayev, Oleg"]
[Result "0-1"]
[WhiteElo "2404"]
[BlackElo "2219"]
[PlyCount "128"]
[EventDate "2016.07.03"]
[EventType "swiss"]
[EventRounds "5"]
[EventCountry "ISR"]
[SourceTitle "CBM 173 Extra"]
[Source "ChessBase"]
[SourceDate "2016.08.29"]
[SourceVersion "1"]
[SourceVersionDate "2016.08.29"]
[SourceQuality "1"]

1. d4 Nf6 2. c4 g6 3. Nc3 Bg7 4. e4 d6 5. Be2 0-0 6. Nf3 Nfd7 7. 0-0 e5 8. Bg5 f6 9. Bh4 Nc6 10. d5 Ne7 11. Nd2 Bh6 12. Qc2 f5 13. f3 Be3+ 14. Bf2 Bxf2+ 15. Rxf2 Nf6 16. b4 Rf7 17. c5 Bd7 18. Nc4 Nc8 19. f4 exf4 20. e5 dxe5 21. Nxe5 Re7 22. Nxd7 Rxd7 23. Bc4 Kg7 24. Rxf4 a5 25. b5 b6 26. Qf2 Qf8 27. c6 Re7 28. h3 Nd6 29. Bd3 Nh5 30. Rf3 Qf6 31. Rc1 Qg5 32. Qd4+ Kg8 33. Rc2 Rae8 34. Bf1 Re3 35. Rcf2 Rxf3 36. Rxf3 Qf6 37. Qd1 Qe5 38. a4 Nf6 39. Rd3 Nfe4 40. Ne2 Nc5 41. Rf3 Qe4 42. Nc3 Qh4 43. g3 Qe7 44. Qd4 Qe5 45. Qxe5 Rxe5 46. g4 Kg7 47. Kg2 Nce4 48. Nxe4 fxe4 49. Rf2 Rxd5 50. Kg3 g5 51. h4 h6 52. hxg5 hxg5 53. Ra2 Rd4 54. Kf2 Kf6 55. Ke3 Ke5 56. Ra1 Rb4 57. Ra3 Ne8 58. Be2 Nf6 59. Ra2 Nd5+ 60. Kd2 Kd4 61. Ra3 Rb2+ 62. Ke1 Nc3 63. Bf1 e3 64. Ra1 Rb1+ 0-1

[Event "EU-chT Seniors"]
[Site "Vienna"]
[Date "2015.07.18"]
[Round "7.1"]
[White "Danner, Georg"]
[Black "Zilberman, Yaacov"]
[Result "1/2-1/2"]
[WhiteElo "2389"]
[BlackElo "2383"]
[PlyCount "40"]
[EventDate "2015.07.12"]
[EventType "team-swiss"]
[EventRounds "9"]
[EventCountry "AUT"]
[SourceTitle "CBM 167 Extra"]
[Source "ChessBase"]
[SourceDate "2015.09.14"]
[SourceVersion "1"]
[SourceVersionDate "2015.09.14"]
[SourceQuality "1"]
[WhiteTeam "Austria"]
[BlackTeam "Israel"]
[WhiteTeamCountry "AUT"]
[BlackTeamCountry "ISR"]

1. d4 Nf6 2. c4 e6 3. Nf3 d5 4. Bg5 Nbd7 5. e3 c6 6. cxd5 exd5 7. Nc3 Be7 8. Bd3 Nf8 9. 0-0 Ne6 10. Bh4 g6 11. Rb1 a5 12. a3 Ng7 13. b4 axb4 14. axb4 Bf5 15. b5 Ra3 16. Bxf5 Nxf5 17. Bxf6 Bxf6 18. Rb3 Ra5 19. bxc6 bxc6 20. Qd3 0-0 1/2-1/2

[Event "ISR-chT"]
[Site "Israel"]
[Date "2015.03.20"]
[Round "7.6"]
[White "Zilberman, Yaacov"]
[Black "Zanan, Evgeny"]
[Result "1-0"]
[WhiteElo "2394"]
[BlackElo "2297"]
[PlyCount "91"]
[EventDate "2015.01.09"]
[EventType "team-tourn"]
[EventRounds "11"]
[EventCountry "ISR"]
[SourceTitle "EXT 2016"]
[Source "ChessBase"]
[SourceDate "2015.10.08"]
[SourceVersion "1"]
[SourceVersionDate "2015.10.08"]
[SourceQuality "1"]
[WhiteTeam "Kfar Saba Hapoel II"]
[BlackTeam "Petah Tikva Elitzur Dov"]
[WhiteTeamCountry "ISR"]
[BlackTeamCountry "ISR"]

1. d4 Nf6 2. Nf3 g6 3. c4 Bg7 4. Nc3 d5 5. e3 0-0 6. b4 c6 7. Bb2 Bf5 8. Rc1 Ne4 9. cxd5 Nxc3 10. Bxc3 cxd5 11. Qb3 e6 12. Be2 Nd7 13. 0-0 g5 14. b5 g4 15. Ne5 Nxe5 16. dxe5 Qg5 17. Bd4 Be4 18. Qb2 Rfc8 19. Rc3 h5 20. Rfc1 Rf8 21. Rc7 b6 22. a4 h4 23. Bf1 g3 24. h3 gxf2+ 25. Qxf2 Bxe5 26. Bxe5 Qxe5 27. Qxh4 Bg6 28. Qd4 Qg5 29. h4 Qg3 30. R1c3 e5 31. Qxd5 Rad8 32. Qf3 Qxh4 33. R3c4 e4 34. Qf2 Qg5 35. Rxa7 Rd5 36. Rac7 Rf5 37. Qe1 Qh6 38. R7c6 Rh5 39. Qg3 Rh1+ 40. Kf2 Qh5 41. Be2 Qd5 42. Rd4 Qb3 43. Qf4 Qb1 44. Rxg6+ Kh7 45. Rd1 fxg6 46. Rd7+ 1-0

[Event "Kiryat Ono op-A 4th"]
[Site "Kiryat Ono"]
[Date "2013.07.02"]
[Round "3"]
[White "Gruenfeld, Yehuda"]
[Black "Zilberman, Yaacov"]
[Result "1/2-1/2"]
[WhiteElo "2445"]
[BlackElo "2389"]
[PlyCount "82"]
[EventDate "2013.06.30"]
[EventType "swiss"]
[EventRounds "5"]
[EventCountry "ISR"]
[SourceTitle "CBM 155 Extra"]
[Source "ChessBase"]
[SourceDate "2013.08.26"]
[SourceVersion "1"]
[SourceVersionDate "2013.08.26"]
[SourceQuality "1"]

1. e4 c5 2. Nf3 Nc6 3. d4 cxd4 4. Nxd4 g6 5. c4 Nf6 6. Nc3 d6 7. Be2 Nxd4 8. Qxd4 Bg7 9. Bg5 0-0 10. Qd2 Be6 11. Rc1 Qa5 12. f3 Rfc8 13. Nd5 Qxd2+ 14. Kxd2 Kf8 15. b3 Nxd5 16. exd5 Bd7 17. Bd3 e5 18. g4 f5 19. gxf5 gxf5 20. Rhg1 Kf7 21. Rg2 Rg8 22. Rcg1 Bf6 23. h4 Rg6 24. f4 exf4 25. Be2 Bd4 26. Bh5 f3 27. Rg3 Bxg1 28. Rxg1 Re8 29. Rf1 Re2+ 30. Kc3 Rxa2 31. Rxf3 Re2 32. Re3 Rxe3+ 33. Bxe3 a6 34. Bf4 Ke7 35. Bxg6 hxg6 36. Kb4 b6 37. Ka3 a5 38. b4 b5 39. bxa5 bxc4 40. Kb4 Bc8 41. Kxc4 Ba6+ 1/2-1/2

[Event "Kiryat Ono op-A 4th"]
[Site "Kiryat Ono"]
[Date "2013.06.30"]
[Round "1"]
[White "Kraus, Yair"]
[Black "Zilberman, Yaacov"]
[Result "0-1"]
[WhiteElo "1978"]
[BlackElo "2389"]
[PlyCount "76"]
[EventDate "2013.06.30"]
[EventType "swiss"]
[EventRounds "5"]
[EventCountry "ISR"]
[SourceTitle "CBM 155 Extra"]
[Source "ChessBase"]
[SourceDate "2013.08.26"]
[SourceVersion "1"]
[SourceVersionDate "2013.08.26"]
[SourceQuality "1"]

1. d4 Nf6 2. c4 c5 3. d5 e5 4. Nc3 d6 5. g3 Be7 6. Bg2 0-0 7. Nf3 Nbd7 8. 0-0 a6 9. a4 Rb8 10. e4 Ne8 11. Ne1 Nc7 12. Nd3 b5 13. axb5 axb5 14. b3 bxc4 15. bxc4 Ba6 16. Nb2 Bg5 17. f4 Bf6 18. Qc2 Nb6 19. Bd2 exf4 20. Rxf4 Nxc4 21. Nxc4 Bxc4 22. Re1 Be5 23. Rf5 Re8 24. Bf1 Bxf1 25. Rexf1 f6 26. g4 Qd7 27. Kh1 g6 28. R5f2 Qxg4 29. Bf4 Rf8 30. Rf3 Qh4 31. Qg2 Bxf4 32. Rxf4 Qh6 33. Qf2 Rbe8 34. e5 dxe5 35. Rh4 Qg7 36. Rc4 f5 37. Rxc5 e4 38. Qf4 Rd8 0-1

[Event "ISR-chT 1112"]
[Site "Israel"]
[Date "2012.02.03"]
[Round "7.3"]
[White "Zilberman, Yaacov"]
[Black "Shevelev, Arkady"]
[Result "1/2-1/2"]
[WhiteElo "2423"]
[BlackElo "2317"]
[PlyCount "162"]
[EventDate "2011.12.16"]
[EventType "team-tourn"]
[EventRounds "11"]
[EventCountry "ISR"]
[SourceTitle "EXT 2013"]
[Source "ChessBase"]
[SourceDate "2012.11.22"]
[SourceVersion "1"]
[SourceVersionDate "2012.11.22"]
[SourceQuality "1"]

1. d4 Nf6 2. Nf3 c5 3. d5 c4 4. Nc3 Qa5 5. Bd2 Nxd5 6. e4 Nxc3 7. Bxc3 Qc7 8. Qd5 e6 9. Qxc4 Qxc4 10. Bxc4 Nc6 11. 0-0-0 f6 12. Nd4 a6 13. a4 Be7 14. f4 Nxd4 15. Bxd4 0-0 16. Rhe1 Kh8 17. Bb6 f5 18. exf5 Rxf5 19. g3 Bf8 20. c3 d5 21. Be2 Bd7 22. b3 Rc8 23. Kb2 Rf7 24. Bg4 Rc6 25. Bd4 Bc8 26. h3 Kg8 27. Rd2 g6 28. Rde2 Re7 29. Bf3 Kf7 30. g4 Rd7 31. f5 Rd8 32. fxg6+ hxg6 33. g5 Bg7 34. Bg4 e5 35. Bxe5 Bxg4 36. hxg4 Bxe5 37. Rxe5 Rd7 38. Rf1+ Kg7 39. Rd1 Rcd6 40. Rd4 Kf7 41. a5 Re7 42. Rexd5 Re2+ 43. Ka3 Rxd5 44. Rxd5 Ke6 45. Rd4 Re5 46. Ka4 Rxg5 47. Rb4 Kd5 48. Rxb7 Rxg4+ 49. b4 Rc4 50. Kb3 Rc6 51. Rd7+ Ke6 52. Rd1 g5 53. c4 Rd6 54. Re1+ Kd7 55. b5 Rg6 56. Kb4 g4 57. bxa6 Rxa6 58. Kb5 Rg6 59. a6 Kc7 60. Re8 Rb6+ 61. Ka5 Rb1 62. Rg8 Kc6 63. Rxg4 Ra1+ 64. Kb4 Rb1+ 65. Kc3 Kb6 66. Rg6+ Ka7 67. Kd4 Rh1 68. Rd6 Rh5 69. c5 Rh4+ 70. Kd5 Rh8 71. Rb6 Rh5+ 72. Kc4 Rh1 73. Kb5 Rb1+ 74. Kc6 Rh1 75. Rb7+ Kxa6 76. Rd7 Rh6+ 77. Rd6 Rh7 78. Re6 Ka7 79. Rd6 Ka6 80. Rg6 Rh2 81. Kd6 Kb5 1/2-1/2

[Event "ISR-chT 1112"]
[Site "Israel"]
[Date "2011.12.30"]
[Round "3.3"]
[White "Zoler, Dan"]
[Black "Zilberman, Yaacov"]
[Result "1/2-1/2"]
[WhiteElo "2541"]
[BlackElo "2423"]
[PlyCount "52"]
[EventDate "2011.12.16"]
[EventType "team-tourn"]
[EventRounds "11"]
[EventCountry "ISR"]
[SourceTitle "EXT 2013"]
[Source "ChessBase"]
[SourceDate "2012.11.22"]
[SourceVersion "1"]
[SourceVersionDate "2012.11.22"]
[SourceQuality "1"]

1. d4 Nf6 2. c4 e6 3. Nf3 d5 4. Nc3 c5 5. cxd5 Nxd5 6. g3 Nc6 7. Bg2 cxd4 8. Nxd4 Nxc3 9. bxc3 Nxd4 10. Qxd4 Qxd4 11. cxd4 Bb4+ 12. Bd2 Bxd2+ 13. Kxd2 Ke7 14. Rhc1 Rd8 15. Rc7+ Rd7 16. Rac1 Kd8 17. Rxd7+ Kxd7 18. Be4 h6 19. h4 Rb8 20. g4 Kd6 21. f4 Bd7 22. Bf3 b6 23. e4 Rc8 24. e5+ Ke7 25. Rxc8 Bxc8 26. Kc3 g6 1/2-1/2